South Eastern Kenya University

Library Online Public Access Catalogue


Inorganic adduct molecules of oxo-compounds. (Record no. 2353)

MARC details
000 -LEADER
fixed length control field 00264nam a22001097a 4500
050 ## - LIBRARY OF CONGRESS CALL NUMBER
Classification Number QD 181
Item Number .D1 L58
100 ## - MAIN ENTRY--Author
Personal name Ingvar Lindqvist
245 ## - TITLE
Title Inorganic adduct molecules of oxo-compounds.
260 ## - PUBLICATION, DISTRIBUTION, ETC.(IMPRINT)
Place of publication, distribution, etc Berlin
Name of publisher, distributor, etc Springer
Date of publication, distribution, etc 1963.
300 ## - PHYSICAL DESCRIPTION
Extent 128 p.
942 ## - ADDED ENTRY ELEMENTS(KOHA)
Koha item type General circulation
Holdings
Source of classification or shelving scheme Not for loan Location (home branch) Sublocation (holding branch) Date accessioned Cost, normal purchase price Full call number Barcode Cost, replacement price Koha item type Public note
Library of Congress Classification   Main Campus Library Main Campus Library 28/08/2014 630.00 QD 181 .D1 L58 2019/022739 1130.00 General circulation kim
Kitui, Kenya.
+254736116989
library@seku.ac.ke